[Event "Australian-ch 2020"]
[Site "Kogarah"]
[Date "2020.01.07"]
[Round "6.4"]
[White "Kethro, Michael"]
[Black "Bjelobrk, Igor"]
[Result "0-1"]
[WhiteElo "2093"]
[BlackElo "2403"]
[Annotator "RC"]
[PlyCount "122"]
[EventDate "2020.01.02"]
[EventType "swiss"]
[EventCountry "AUS"]
[SourceTitle "playchess.com"]
[Source "ChessBase"]
[SourceQuality "1"]
[TimeControl "40/5400+30:1800+30"]

1. d4 {[%emt 0:00:00]} Nf6 {[%emt 0:00:58]} 2. c4 {[%emt 0:00:00]} e6 {[%emt 0:00:06]} 3. g3 {[%emt 0:00:26]} d5 {[%emt 0:00:12]} 4. Nf3 {[%emt 0:00:15]} Bb4+ {[%emt 0:00:19]} 5. Bd2 {[%emt 0:00:29]} Be7 {[%emt 0:00:08]} 6. Bg2 {[%emt 0:00:13]} O-O {[%emt 0:00:17]} 7. O-O {[%emt 0:00:22]} Nbd7 {[%emt 0:00:10]} 8. Qc2 {[%emt 0:01:51]} Ne4 {[%emt 0:00:16]} 9. Bf4 {[%emt 0:03:06]} c6 {[%emt 0:01:46]} 10. Nfd2 {[%emt 0:05:33]} g5 {[%emt 0:01:07]} 11. Nxe4 {[%emt 0:03:54]} gxf4 {[%emt 0:01:09]} 12. Nec3 {[%emt 0:09:15]} Bd6 {[%emt 0:13:54]} 13. Nd2 {[%emt 0:18:37]} Qg5 {[%emt 0:08:28]} 14. Nf3 {[%emt 0:12:28]} Qh6 {[%emt 0:00:15]} 15. gxf4 {[%emt 0:12:03]} Bxf4 {[%emt 0:00:27]} 16. e3 {[%emt 0:00:24]} Bd6 {[%emt 0:01:18]} 17. e4 {[%emt 0:00:47]} dxe4 {[%emt 0:22:25]} 18. Qxe4 {[%emt 0:01:56]} Kh8 {[%emt 0:10:59]} 19. Rfe1 {[%emt 0:07:03]} Rg8 {[%emt 0:02:44]} 20. Ne5 {[%emt 0:05:34]} Qg7 {[%emt 0:01:36]} 21. Nxd7 {[%emt 0:04:29]} Bxd7 {[%emt 0:00:16]} 22. Re3 {[%emt 0:04:27]} f5 {[%emt 0:03:24]} 23. Qf3 {[%emt 0:01:25]} Raf8 {[%emt 0:01:11]} 24. Kh1 {[%emt 0:02:10]} Rf6 {[%emt 0:01:36]} 25. Ree1 {[%emt 0:04:03]} Rh6 {[%emt 0:07:06]} 26. Bh3 {[%emt 0:01:10]} Qxd4 {[%emt 0:02:50]} 27. Rad1 {[%emt 0:00:23]} Qf4 {[%emt 0:00:31]} 28. Qxf4 {[%emt 0:00:43]} Bxf4 {[%emt 0:00:05]} 29. Ne2 {[%emt 0:00:45]} Rxh3 {[%emt 0:14:52]} 30. Nxf4 {[%emt 0:00:20]} Rf3 {[%emt 0:00:08]} 31. Rxd7 {[%emt 0:00:44]} Rxf4 {[%emt 0:00:06]} 32. Rg1 {[%emt 0:00:28]} Rxf2 {[%emt 0:01:00]} 33. Rxg8+ {[%emt 0:00:31]} Kxg8 {[%emt 0:00:06]} 34. Rxb7 {[%emt 0:00:05]} f4 {[%emt 0:01:25]} 35. Kg1 {[%emt 0:00:48]} Re2 {[%emt 0:00:28]} 36. Kf1 {[%emt 0:00:37]} Rxh2 {[%emt 0:00:24]} 37. Re7 {[%emt 0:00:29]} Rxb2 {[%emt 0:01:19]} 38. Rxe6 {[%emt 0:00:31]} Rxa2 {[%emt 0:00:08]} 39. Rxc6 {[%emt 0:00:19]} Kg7 {[%emt 0:00:29]} 40. Rc7+ {[%emt 0:00:43]} Kg6 {[%emt 0:00:07]} 41. c5 {[%emt 0:05:53]} h5 {[%emt 0:14:47]} 42. c6 {[%emt 0:11:51]} h4 {[%emt 0:01:12]} 43. Rc8 {[%emt 0:06:09]} h3 {[%emt 0:12:01]} 44. c7 {[%emt 0:06:35]} h2 {[%emt 0:00:20]} 45. Rg8+ {[%emt 0:00:40]} Kf6 {[%emt 0:00:08]} 46. Rh8 {[%emt 0:01:34]} Rc2 {[%emt 0:00:11]} 47. Rxh2 {[%emt 0:00:28]} Rxc7 {[%emt 0:00:04]} 48. Rh5 {[%emt 0:00:20]} Rc1+ {[%emt 0:04:54]} 49. Ke2 {[%emt 0:00:40]} Ra1 {[%emt 0:00:08]} 50. Kf3 {[%emt 0:00:36]} Ra4 {[%emt 0:00:05]} 51. Rb5 {[%emt 0:00:41]} a5 {[%emt 0:00:08]} 52. Rh5 {[%emt 0:00:28]} Ke6 {[%emt 0:00:40]} 53. Rg5 {[%emt 0:00:28]} Kd6 {[%emt 0:00:17]} 54. Rh5 {[%emt 0:00:38]} Kc6 {[%emt 0:00:04]} 55. Rg5 {[%emt 0:00:29]} Kb6 {[%emt 0:00:05]} 56. Rf5 {[%emt 0:00:31]} Rc4 {[%emt 0:00:33]} 57. Rf8 {[%emt 0:00:31]} a4 {[%emt 0:00:16]} 58. Ra8 {[%emt 0:00:28]} Kc5 {[%emt 0:00:12]} 59. Ra7 {[%emt 0:00:31]} Kb4 {[%emt 0:00:08]} 60. Rb7+ {[%emt 0:00:28]} Kc3 {[%emt 0:00:07]} 61. Ra7 {[%emt 0:00:31]} Kb3 {[%emt 0:00:09]} 0-1

[Event "Australian-ch 2020"]
[Site "Kogarah"]
[Date "2020.01.07"]
[Round "6.5"]
[White "Puccini, Jack"]
[Black "O`Chee, Kevin"]
[Result "1-0"]
[WhiteElo "2265"]
[BlackElo "2156"]
[Annotator "TA"]
[PlyCount "55"]
[EventDate "2020.01.02"]
[EventType "swiss"]
[EventCountry "AUS"]
[SourceTitle "playchess.com"]
[Source "ChessBase"]
[SourceQuality "1"]

{[%evp 14,55,-29,-31,24,27,13,13,86,83,85,90,86,81,359,115,529,494,448,437,670,665,1324,731,29987,29988,29988,29989,29989,29990,29990,29991,29991,29992,29992,29993,29993,29994,29994,29994,29997,29998,29998,29999]} 1. e4 c5 2. Nf3 e6 3. d4 cxd4 4. c3 dxc3 5. Nxc3 Nc6 6. Bc4 a6 7. O-O Nge7 8. Bg5 Qc7 {B21: Sicilian: 2 f4 and Morra Gambit} (8... h6 $15 9. Bf4 Ng6) (8... h6 9. Be3 Ng6 10. Nd4 Be7 11. f4 O-O 12. Qh5 Nxd4 13. Bxd4 Qc7 14. Bd3 Nxf4 15. Qg4 Ng6 16. e5 Nxe5 {0-1 (32) Moiseenko,V (2517)-Alekseev,E (2627) Yaroslavl 2018}) 9. Nd5 $146 ({Predecessor:} 9. Rc1 Ng6 10. Bb3 Qa5 11. Qe2 Nd4 12. Nxd4 Qxg5 13. Nf3 Qa5 14. Rfd1 Be7 15. Qe3 b5 16. a3 {½-½ (27) Garbuz,N (1650)-Bruegmann,K (1555) Willingen 2019}) 9... exd5 10. exd5 {Threatens to win with d6.} Ne5 (10... Qd6 $1 $11 11. dxc6 Qxd1 12. Raxd1 (12. Rfxd1 bxc6 13. Rac1 d5 $14) 12... bxc6) 11. d6 $16 {[%mdl 64] Double Attack} Nxf3+ 12. Qxf3 Qxc4 13. dxe7 Bxe7 $2 {[%mdl 8192]} (13... d6 $16) 14. Rac1 $2 $40 {[%mdl 128] [#] White attacks with force.} (14. Bxe7 $18 {is the precise move to win. Hoping for Bd6.} Kxe7 15. Rfe1+ Qe6 16. Rxe6+ dxe6 17. Rd1) 14... Qxa2 $2 {[%mdl 8192]} ({Don't blunder} 14... Qe6 $2 15. Bxe7 Qxe7 16. Rfe1 $18) (14... Qxf1+ $1 $16 {is a better chance.} 15. Rxf1 Bxg5) 15. Bxe7 $18 Kxe7 16. Rfe1+ Kf8 {[#]} (16... Qe6 $142 17. Qa3+ d6 18. Rc7+ Kf8 19. Rxe6 Bxe6 20. Qxd6+ Kg8 21. Rxb7 h5) 17. Qc3 $1 {[%mdl 512] White wants to mate with Qxc8+.} f6 18. Qb4+ d6 19. Qxd6+ {White mates.} Kf7 20. Rc7+ Kg6 21. Qg3+ Kh5 22. Qxg7 {[%mdl 64] Double Attack} Qa5 23. Qf7+ Kg5 {[#]} 24. h4+ $1 {[%mdl 576] Decoy} Kxh4 25. Qxf6+ {[%mdl 64] Double Attack} Qg5 26. Re4+ Bg4 {[#]} 27. Rxg4+ $1 {[%mdl 576] Remove Defender} Kxg4 28. Qf3+ {[%mdl 64] Double Attack} 1-0

[Event "Australian-ch 2020"]
[Site "Kogarah"]
[Date "2020.01.07"]
[Round "6.6"]
[White "Solomon, Stephen J"]
[Black "Nakauchi, Gene"]
[Result "1-0"]
[WhiteElo "2319"]
[BlackElo "2150"]
[Annotator "TA"]
[PlyCount "53"]
[EventDate "2020.01.02"]
[EventType "swiss"]
[EventCountry "AUS"]
[SourceTitle "playchess.com"]
[Source "ChessBase"]
[SourceQuality "1"]

{[%evp 16,53,37,16,56,35,61,64,58,65,131,147,246,244,243,229,340,336,374,364,558,535,654,628,1620,1550,2906,2753,29987,29988,29988,29989,29990,29991,29992,29993,29996,29997,29997,29998]} 1. e4 c5 2. Nf3 e6 3. d4 cxd4 4. Nxd4 a6 5. Nc3 b5 6. Bd3 Qb6 7. Nb3 Qc7 8. O-O Bb7 9. f4 b4 {B43: Sicilian: Kan Variation: 5 Nc3} 10. Ne2 h5 $146 ({Predecessor:} 10... Nf6 11. e5 Nd5 12. c4 bxc3 13. Nxc3 Nxc3 14. bxc3 Bc5+ 15. Nxc5 Qxc5+ 16. Kh1 O-O 17. Rb1 {½-½ (33) Matinian,N (2470)-Landa,K (2625) Minsk 2015}) 11. c3 Nf6 {White is slightly better.} 12. e5 Ng4 {[#]} (12... Nd5 $14) 13. h3 $1 $16 {[%cal Rh3g4]} bxc3 (13... Qc6 $16 {was worth a try.} 14. Rf3 Qb6+ 15. Ned4 Nh6) 14. hxg4 $18 hxg4 15. Ned4 ({But not} 15. Nxc3 $2 Qb6+ 16. Rf2 g3 $19) 15... a5 (15... Bxg2 $142 16. Kxg2 Qb7+ 17. Nf3 d6 18. bxc3 Nd7) 16. Qxg4 cxb2 17. Bxb2 Qb6 (17... Nc6 {might work better.} 18. Rf2 a4) 18. f5 {Black must now prevent fxe6.} Nc6 19. fxe6 dxe6 {[#]} 20. Rxf7 $1 {[%mdl 512]} O-O-O (20... Kxf7 21. Qxe6#) 21. Rc1 Kb8 {[#]} 22. Rxb7+ $1 {[%mdl 64] Remove Defender. White mates.} Kxb7 (22... Qxb7 23. Nxc6+) 23. Rxc6 {[%mdl 64] Double Attack} Qb4 24. Bc3 Qa3 25. Qxe6 Rh6 26. Rb6+ Ka8 27. Be4+ {Accuracy: White = 93%, Black = 16%.} 1-0

[Event "Australian-ch 2020"]
[Site "Kogarah"]
[Date "2020.01.07"]
[Round "6.7"]
[White "Kargosha, Bahman"]
[Black "Zhang, Jilin"]
[Result "0-1"]
[WhiteElo "2101"]
[BlackElo "2237"]
[Annotator "TA"]
[PlyCount "72"]
[EventDate "2020.01.02"]
[EventType "swiss"]
[EventCountry "AUS"]
[SourceTitle "playchess.com"]
[Source "ChessBase"]
[SourceQuality "1"]

{[%evp 17,72,10,28,0,31,26,12,21,51,6,15,0,-8,-44,-38,-31,-15,-51,-43,-81,-80,-87,-70,-91,-106,-116,-113,-135,-137,-120,-129,-110,-117,-239,-304,-302,-300,-292,-287,-473,-466,-681,-677,-654,-524,-513,-513,-825,-793,-697,-598,-6137,-6061,-29970,-29971,-29978,-11989]} 1. d4 Nf6 2. c4 g6 3. Nc3 d5 4. cxd5 Nxd5 5. e4 Nxc3 6. bxc3 Bg7 7. Qa4+ Nd7 8. Nf3 O-O 9. Be2 c5 10. O-O {D85: Exchange Grünfeld: Unusual White 7th moves and lines with 7 Nf3} Qc7 (10... Nb6 11. Qa3 cxd4 12. cxd4 Bg4 13. Rd1 Bxf3 14. Bxf3 Bxd4 15. e5 Nc4 16. Qb4 Rc8 17. Bh6 Bxa1 18. Rxd8 Rfxd8 {½-½ (34) Carlsen,M (2882)-Nepomniachtchi,I (2774) Saint Louis 2019}) 11. Be3 a6 12. Qa3 {The position is equal.} b6 13. e5 $146 ({Predecessor:} 13. h3 e5 14. d5 Qd6 15. Nd2 f5 16. exf5 gxf5 17. f4 Bb7 {0-1 (30) Jakobson,G-Voss,M ICCF corr 1994}) 13... e6 14. Nd2 Bb7 15. Nc4 Bd5 {[#] Hoping for ...cxd4.} ({Don't play} 15... cxd4 16. cxd4 b5 17. Nd6 $14) 16. Rac1 Qc6 17. g3 Rfb8 18. f4 Bf8 {...cxd4 is the strong threat.} ({Of course not} 18... cxd4 $6 19. cxd4 Qb7 20. Rc2 $11 (20. Nd6 Bf8 $11)) 19. Qb2 b5 20. Nd2 Nb6 21. g4 Nc4 22. Nxc4 bxc4 23. Qd2 cxd4 24. Bxd4 Ba3 $40 {[%mdl 128] White must now prevent ...Bh1. White is in trouble.} 25. f5 (25. Ra1 $17 {is a better defense.}) 25... Bh1 $19 {[%csl Gh1][%cal Rc6g2]} 26. Rf2 Bxc1 27. Qxc1 {[#]} Qe4 $1 {aiming for ...Rb1!} 28. fxe6 $2 (28. Qd2 Rb1+ 29. Bf1) 28... fxe6 {And now ...Rb1! would win.} 29. Qf1 (29. Bf1 $142 Rb1 30. Qf4 Qxf4 31. Rxf4) 29... Rb1 30. Bd1 {Now Bc5 and White clings on.} Qd3 31. Qxd3 cxd3 32. Rf1 (32. Kxh1 $142 Rxd1+ 33. Kg2) 32... Rf8 33. Bf2 Bf3 34. Bc5 Rxd1 35. Rxd1 Bxd1 36. Bxf8 Kxf8 {Accuracy: White = 27%, Black = 76%.} 0-1

[Event "Australian-ch 2020"]
[Site "Kogarah"]
[Date "2020.01.07"]
[Round "6.8"]
[White "Plant, John Stuart"]
[Black "Huynh, Arthur"]
[Result "1/2-1/2"]
[WhiteElo "1993"]
[BlackElo "2136"]
[Annotator "TA"]
[PlyCount "38"]
[EventDate "2020.01.02"]
[EventType "swiss"]
[EventCountry "AUS"]
[SourceTitle "playchess.com"]
[Source "ChessBase"]
[SourceQuality "1"]

{[%evp 10,38,5,2,7,7,12,3,12,0,25,8,31,29,26,21,54,46,47,27,76,69,80,66,85,69,84,85,112,75,88]} 1. b3 e5 2. Bb2 Nc6 3. e3 Nf6 4. Nf3 e4 5. Nd4 Nxd4 6. Bxd4 b6 {A01: Nimzowitsch-Larsen Opening} (6... Be7 7. c4 O-O 8. Nc3 c6 9. Rc1 d5 10. cxd5 cxd5 11. Be2 Be6 12. O-O a6 13. f4 exf3 14. Bxf3 {1-0 (31) Jobava,B (2690)-Harikrishna,P (2744) Riadh 2017}) 7. c4 Bb7 8. Qc2 Bd6 $146 {The position is equal.} ({Predecessor:} 8... c5 9. Bb2 g6 10. Be2 Bg7 11. O-O O-O 12. Nc3 d5 13. Nxd5 Nxd5 14. Bxg7 Kxg7 15. cxd5 Bxd5 16. d3 {½-½ (16) Perini,G (2242)-Cantelli,A (2249) ICCF email 2016}) 9. g3 Qe7 10. Bg2 O-O 11. Nc3 Rfe8 12. O-O Ng4 {[#] ...c5 is the strong threat.} 13. Nb5 f5 14. Nxd6 cxd6 15. d3 d5 16. Rfd1 Rac8 17. Qd2 dxc4 18. dxc4 Rcd8 19. a4 d5 {Accuracy: White = 68%, Black = 22%.} 1/2-1/2

[Event "Australian-ch 2020"]
[Site "Kogarah"]
[Date "2020.01.07"]
[Round "6.9"]
[White "Lo, Willis"]
[Black "Ng, Clive"]
[Result "1-0"]
[WhiteElo "2108"]
[BlackElo "2061"]
[Annotator "TA"]
[PlyCount "91"]
[EventDate "2020.01.02"]
[EventType "swiss"]
[EventCountry "AUS"]
[SourceTitle "playchess.com"]
[Source "ChessBase"]
[SourceQuality "1"]

{[%evp 16,91,40,32,45,41,38,45,54,54,49,66,63,62,54,35,50,33,33,33,33,30,47,42,42,25,43,0,14,-10,-12,-26,8,-22,-13,-56,-57,-75,-93,-95,-105,-110,-111,-104,-102,-172,-162,-237,-104,-109,-112,-161,-49,-53,-55,-99,0,0,0,0,37,46,51,49,46,64,531,529,457,451,505,498,29996,29997,29997,29998,29998,29999]} 1. c4 Nf6 2. g3 g6 3. Bg2 Bg7 4. Nc3 O-O 5. d4 d6 6. Nf3 Nc6 7. O-O a6 8. b3 Rb8 9. d5 Na5 {E63: King's Indian: Fianchetto: Panno Variation with 7...a6} 10. Bg5 c5 11. dxc6 bxc6 {White is slightly better.} 12. c5 h6 13. Bxf6 $146 ({Predecessor:} 13. Bd2 dxc5 14. Rc1 c4 15. Bf4 Rb7 16. Qxd8 Rxd8 17. b4 Rxb4 {1-0 (77) Erdos,V (2605)-Belyakov,B (2459) Skopje 2018}) 13... Bxf6 14. Qd2 Bg7 15. Rad1 Bg4 16. Na4 {[%cal Rc5d6]} d5 17. h3 Bxf3 18. Bxf3 Nb7 19. e4 {[%cal Re4d5]} e6 20. Rfe1 Qc7 21. Qf4 e5 22. Qg4 d4 23. Be2 a5 24. f4 Qe7 25. Rc1 h5 $1 {[%cal Rh5g4]} 26. Qf3 h4 27. f5 hxg3 28. Bc4 Kh7 29. Qxg3 Bh6 30. Rc2 (30. Rcd1 $17) 30... gxf5 $19 31. Kh1 (31. Qf3 {is a better defense.}) 31... f4 (31... Bf4 $19 32. Qf2 Qg5) 32. Qg4 Qg5 ({Wrong is} 32... Nxc5 $2 33. Nxc5 Rg8 34. Qf5+ Kh8 35. Nd3 $18 (35. Bxf7 Rbf8 $16)) 33. Qd7 {[#]} Nd8 (33... Rbd8 $1 $19 {[%cal Rd8d7]} 34. Qg4 (34. Qxb7 d3 $17) 34... Rg8) 34. Rg1 $15 Qf6 35. Nb2 {[%cal Ba4b2,Bb2d3,Bd3e5][%mdl 32]} Rb7 ({Better is} 35... Ne6 $17 36. Nd3 Ng5) 36. Qg4 $11 Ne6 37. Nd3 Rbb8 38. Qf5+ Qxf5 39. exf5 Ng5 {[#] White must now prevent ...e4.} 40. Nxe5 {Hoping for Nd7.} Nxh3 $2 {[%mdl 8192]} (40... Rbe8 $14 41. Nd7 (41. Nxc6 Nf3 $16) 41... Nf3) 41. Rg4 $18 Rbe8 42. Nd7 ({Not} 42. Nxc6 f3 $16) 42... Re3 43. Rcg2 {Nf6+ would kill now.} f6 (43... Rg3 $18 44. Nxf8+ Bxf8) 44. Nxf8+ {White mates.} Bxf8 45. Rh4+ Bh6 46. Bg8+ {Accuracy: White = 60%, Black = 47%.} 1-0

[Event "Australian-ch 2020"]
[Site "Kogarah"]
[Date "2020.01.07"]
[Round "6.10"]
[White "Bayaca, Sterling"]
[Black "Parle, Hughston"]
[Result "1/2-1/2"]
[WhiteElo "1994"]
[BlackElo "2057"]
[Annotator "NA RC"]
[PlyCount "128"]
[EventDate "2020.01.02"]
[EventType "swiss"]
[EventCountry "AUS"]
[SourceTitle "playchess.com"]
[Source "ChessBase"]
[SourceQuality "1"]
[TimeControl "40/5400+30:1800+30"]

1. c4 Nf6 2. Nc3 g6 3. e4 d6 4. d4 Bg7 5. Nf3 O-O 6. Be2 e5 7. dxe5 dxe5 8. Qxd8 Rxd8 9. Bg5 Re8 10. Nd5 Nxd5 11. cxd5 c6 12. Bc4 cxd5 13. Bxd5 Na6 14. O-O-O Nb4 15. Bb3 {E92: King's Indian: Classical: 6 Be2 e5: 7 dxe5, 7 Be3 and Petrosian System without 7...Nbd7} Be6 16. Bxe6 Rxe6 17. Kb1 b6 $146 ({Predecessor:} 17... Bf8 18. Rd7 f6 19. Be3 b6 20. Rhd1 Na6 21. Rd8 Rxd8 22. Rxd8 Kf7 23. Rd7+ Re7 24. Rxe7+ Bxe7 25. Nd2 {½-½ (25) Strovsky,M (2058)-Mammadov,R (2423) Zolochiv 2017}) 18. g4 f6 19. Be3 Bf8 20. h4 Na6 21. h5 Nc5 22. hxg6 hxg6 23. Bxc5 Bxc5 24. Rh6 Rd6 (24... Rae8 $11 {remains equal.}) 25. Rxg6+ Kh7 26. Rxd6 Kxg6 27. Nxe5+ Kg5 28. f4+ Kxf4 29. Nd3+ Kxe4 30. Nxc5+ bxc5 31. Rxf6 Rg8 32. Ra6 Rxg4 $2 (32... c4 $11) 33. Ra4+ Kf5 34. Rxa7 Ke5 35. Rd7 Ke6 36. Rd3 Rg2 37. Kc1 Ke5 $2 {[#]} (37... Rg8 $16) 38. Rd2 $1 Rg3 39. Kc2 Ke4 40. Rd8 Rh3 41. a4 Ke5 42. a5 Rh4 43. b3 Rh2+ 44. Rd2 Rh7 45. Kc3 Ra7 46. b4 cxb4+ 47. Kxb4 Rb7+ 48. Kc5 Rc7+ 49. Kb6 Rc1 50. Rb2 Rh1 51. a6 Rh6+ 52. Ka5 Rh7 53. Rb7 Rh8 54. Rb4 Rh7 55. Kb6 Rh6+ 56. Ka7 Rh7+ 57. Ka8 Kd5 58. a7 Kc6 59. Rb8 Rg7 $11 60. Rf8 Kb6 61. Rf6+ Kc7 62. Rf8 Kb6 63. Rb8+ Ka6 64. Rb7 Rxb7 1/2-1/2

[Event "Australian-ch 2020"]
[Site "Kogarah"]
[Date "2020.01.09"]
[Round "7.1"]
[White "Kuybokarov, Temur"]
[Black "Puccini, Jack"]
[Result "1-0"]
[WhiteElo "2523"]
[BlackElo "2265"]
[Annotator "TA"]
[PlyCount "67"]
[EventDate "2020.01.02"]
[EventType "swiss"]
[EventCountry "AUS"]
[SourceTitle "playchess.com"]
[Source "ChessBase"]
[SourceQuality "1"]

{[%evp 10,77,64,60,60,60,54,60,56,38,42,27,35,25,33,40,34,31,34,29,33,-23,5,-23,-20,-7,-5,-32,30,-98,0,-459,237,-43,-43,-130,-139,-145,-116,-126,-131,-119,32,36,36,58,47,88,227,210,266,242,240,225,461,431,586,539,811,801,728,663,645,628,808,793,1522,983,840,849]} 1. e4 d5 2. exd5 Qxd5 3. Nc3 Qd8 4. d4 Nf6 5. Nf3 Bg4 6. h3 Bxf3 {B01: Scandinavian Defence} 7. Qxf3 c6 8. Be3 e6 {White is slightly better.} 9. a3 $146 (9. O-O-O Bb4 10. Ne4 Nxe4 11. Qxe4 Qd5 12. Qxd5 cxd5 13. c4 dxc4 14. Bxc4 {1-0 (41) Dominguez Perez,L (2739)-Pichot,A (2552) chess.com INT 2018}) 9... Nbd7 10. O-O-O Nb6 11. Kb1 Nbd5 12. Bc1 Nxc3+ 13. Qxc3 Nd5 14. Qe1 b5 15. f4 (15. Qe5 $14) 15... Be7 $1 $11 16. g4 O-O 17. c3 a5 18. Bd3 Qb6 (18... b4 $15) 19. h4 (19. f5 $11 exf5 20. Bxf5) 19... Rfb8 (19... b4 $1 $17 20. c4 bxa3 21. cxd5 axb2 22. Bxb2 Rab8) 20. Qe5 $2 {[%mdl 8192]} (20. Rh2 $1 $11 {and White has nothing to worry.}) 20... Nf6 $4 {[%mdl 8192]} (20... b4 $1 $19 {[%cal Rb4a3] and life is good for Black.} 21. Ka1 bxc3) 21. Qe2 $2 (21. g5 $18) 21... b4 $1 $15 {[%cal Rb4c3] White must now prevent ...bxc3.} 22. g5 (22. f5 $1 $15) 22... Nd5 $17 23. c4 {[#]} bxa3 $1 {Strongly threatening ...Nc3+.} 24. cxd5 axb2 25. Bxb2 {[#]} Ba3 $2 ({Better is} 25... a4 $1 $17 {[%cal Ra4a3] Hoping for ...a3.} 26. Ka1 (26. dxe6 a3 $11 {[%mdl 64] Pin}) 26... a3) 26. Rd2 $14 Bxb2 27. Rxb2 Qxd4 {Threatens to win with ...Rxb2+.} 28. Rd1 {And now Bxh7+! would win.} Qa4 (28... Rxb2+ $16 29. Qxb2 Qxb2+ 30. Kxb2 cxd5) 29. dxe6 $18 Rxb2+ 30. Kxb2 Rb8+ 31. Kc1 Qa3+ $2 (31... Qxf4+ 32. Rd2 fxe6 33. Qxe6+ {[%mdl 64] Double Attack} Kh8) 32. Kd2 {White is clearly winning.} Qb4+ 33. Ke3 Re8 {[#]} 34. Bc4 {Played: Bd3xh7} 1-0

[Event "Australian-ch 2020"]
[Site "Kogarah"]
[Date "2020.01.09"]
[Round "7.2"]
[White "McClymont, Brodie"]
[Black "Wallis, Christopher"]
[Result "1/2-1/2"]
[WhiteElo "2421"]
[BlackElo "2322"]
[Annotator "TA"]
[PlyCount "82"]
[EventDate "2020.01.02"]
[EventType "swiss"]
[EventCountry "AUS"]
[SourceTitle "playchess.com"]
[Source "ChessBase"]
[SourceQuality "1"]

{[%evp 35,82,0,6,-79,-47,-70,0,-111,54,-50,8,15,14,10,8,0,0,-38,-18,-61,-43,-54,-44,-77,-59,-63,-45,-55,-46,-38,-30,-29,-25,-21,-11,-11,-12,-27,0,0,0,-8,0,-10,-2,-6,0,0,0]} 1. e4 e5 2. Nf3 Nc6 3. Bb5 a6 4. Ba4 Nf6 5. O-O Be7 6. Re1 b5 7. Bb3 d6 8. c3 O-O 9. h3 Bb7 10. d4 Re8 11. Nbd2 Bf8 12. a4 h6 13. Bc2 exd4 14. cxd4 Nb4 15. Bb1 c5 16. d5 Nd7 17. Ra3 c4 18. Nd4 Qf6 19. Nf5 {C92: Closed Ruy Lopez: 9...Be6, Karpov and Flohr-Zaitsev Variations} (19. N2f3 $11 {keeps the balance.}) (19. N2f3 Nc5 20. Ree3 Nbd3 21. Bxd3 cxd3 22. axb5 axb5 23. Rxa8 Bxa8 24. Qe1 b4 25. Bd2 Qg6 26. Nf5 Qf6 27. Bxb4 Qxb2 {½-½ (41) Alekseenko,K (2621)-Oparin,G (2587) Yaroslavl 2018}) 19... Ne5 20. Rg3 Ned3 (20... g6 $15 21. Rf1 Rac8 22. axb5 axb5) 21. Ree3 $146 (21. Nxc4 $1 $11 bxc4 22. Nxh6+ Kh7 23. Rf3) ({Predecessor:} 21. Nf3 Nxe1 22. Nxe1 Bc8 23. Nxh6+ Kh8 24. Rf3 Qe7 25. Nxf7+ Kg8 26. Ng5 Qe5 {1-0 (36) Nemcova,K (2289)-Ainutdinova,Y (2073) Moscow 2011}) 21... Kh8 $2 (21... g6 $17 22. Ref3 Qe5) 22. Nf3 {[#]} ({White should play} 22. Ref3 $1 $14 Ne5 23. Nd4 Nxf3+ 24. N2xf3) 22... Nxc1 ({Of course not} 22... Nxb2 $6 23. Qd2 $16) ({Black should try} 22... Bxd5 $1 $15 {[%mdl 512]} 23. Bd2 (23. exd5 Qxf5) 23... Rxe4 24. Bxb4 Qxf5 25. Bxd3 cxd3 26. Qxd3 Rf4) 23. Qxc1 $11 Nd3 24. Bxd3 cxd3 25. N5d4 Rac8 $36 {[%mdl 2048] White is under pressure.} 26. Nc6 (26. Qd2 {is more complex.} bxa4 27. Qb4 Kg8 28. Kh2 Re7 29. Nf5) 26... bxa4 27. Nd2 Bxc6 $1 28. dxc6 Re5 29. Qc3 Qe6 30. Rxd3 Rc5 {[%mdl 64] [#] Double Attack} 31. Qd4 R8xc6 32. Qxa4 d5 33. Rge3 {Threatens to win with exd5.} Rc1+ 34. Nf1 dxe4 35. Rxe4 Qc8 36. Rde3 {Strongly threatening Re8.} R1c4 (36... Kh7 {is interesting.} 37. Re8 Qd7 38. Re1 Qd3 39. Qf4 Rxe1 40. Rxe1 Bc5) 37. Rxc4 {The position is equal.} Rxc4 38. Qb3 Kg8 39. Rf3 Qc7 40. g3 Rb4 41. Qd3 $1 Rxb2 {Accuracy: White = 33%, Black = 47%.} 1/2-1/2

[Event "Australian-ch 2020"]
[Site "Kogarah"]
[Date "2020.01.09"]
[Round "7.3"]
[White "Bjelobrk, Igor"]
[Black "Clarke, Brandon G I"]
[Result "1-0"]
[WhiteElo "2403"]
[BlackElo "2438"]
[Annotator "TA RC"]
[PlyCount "75"]
[EventDate "2020.01.02"]
[EventType "swiss"]
[EventCountry "AUS"]
[SourceTitle "playchess.com"]
[Source "ChessBase"]
[SourceQuality "1"]

{[%evp 13,89,27,40,46,44,20,50,7,7,8,16,15,16,6,6,12,10,0,0,0,0,0,0,0,0,-10,44,54,37,35,31,27,35,0,17,0,0,-75,0,0,40,44,46,10,34,50,44,0,0,0,170,123,91,114,726,706,700,686,1385,1149,2197,2142,2116,1848,29975,6548,3001,2222,1792,1754,29981,29982,29986,29987,29987,29988,29987,29988]} 1. e4 c6 2. d4 d5 3. e5 Bf5 4. Nf3 e6 5. Be2 c5 6. Be3 Qb6 7. Nc3 Nc6 8. O-O {And now dxc5 would win. B12: Caro-Kann: Advance Variation} c4 (8... Qxb2 9. Qe1 cxd4 10. Bxd4 Nxd4 11. Nxd4 Bb4 12. Rb1 Bxc3 13. Rxb2 Bxe1 14. Rxe1 b6 15. Nb5 Kf8 {½-½ (39) Adhiban,B (2639)-Wojtaszek,R (2748) Douglas 2019}) 9. Rb1 Bb4 10. a3 {White is slightly better.} Bxc3 $1 11. bxc3 Qa6 $146 ({Predecessor:} 11... Qc7 12. Nh4 Bg6 13. f4 Qe7 14. g3 Be4 15. f5 O-O-O {1-0 (26) Wagener,A (2254)-Doison,A (2034) Luxembourg 2012}) 12. Nh4 Nge7 13. g4 Be4 14. f3 Bg6 $1 15. f4 {[#] Threatens to win with f5.} Be4 16. f5 Qxa3 17. Qd2 Qa6 18. f6 gxf6 19. Rxf6 Ng6 (19... Rg8 $11) 20. Nf3 $14 Bxf3 21. Bxf3 b5 22. Qf2 {[%mdl 1024] White has compensation.} Qb7 23. Rf1 Nd8 24. Be2 a5 25. Bg5 (25. Ra1 $11) 25... Rf8 (25... a4 $17 26. Rf3 Ra7) 26. h4 b4 27. h5 Ne7 28. Bh6 $36 {[%mdl 2048] White is more active.} Rg8 29. Rxf7 Nxf7 30. Qxf7+ {[%mdl 64] [#] Double Attack} Kd7 $1 31. g5 ({Much worse is} 31. Qxh7 bxc3 32. Kh2 a4 $17) 31... bxc3 $2 (31... b3 $11 {and Black is okay.} 32. g6 hxg6) 32. Bg4 Qb6 33. Kh2 {g6 is the strong threat.} Rac8 $2 {[%mdl 8192]} (33... Ra6 $16) 34. g6 hxg6 35. Bg5 Rge8 {next ...gxh5 is good for Black.} 36. h6 Rc6 37. h7 Qd8 38. Rb1 {Played: Rf1-f6} 1-0